000
00260nam a22000977a 4500
999
_c
58132
_d
58129
100
_a
Meryam Ali Rajpar
245
_a
Experimental Analysis Of Tensila And Torsional Of Welded Mild Steel Bars
260
_a
Nawabshah
_b
Quest
_c
2017
300
_a
55
942
_c
THESIS